banner-ar

زى امراء المماليك فى مصر و الشام / (Record no. 61157)

MARC details
000 -الفاتح
حقل البيانات ثابتة الطول 00932nam a22002297a 4500
005 - وقت وتاريخ اخر تعامل مع التسجيلة
رقم الضبط 20240530110446.0
008 - عناصر البيانات ثابتة الطول - معلومات عامة
حقل البيانات ثابتة الطول 150428s2009 ua aok f b 000 0 ara d
017 ## - رقم الايداع القانونى
رقم الايداع القانونى 2009/15556
المصدر ( الهيئة المختصة) مصر . دار الكتب المصرية
020 ## - الرقم الدولى المعيارى للكتب
الرقم الدولى المعيارى للكتاب 9789774209859
040 ## - مصدر الفهرسة
وكالة الفهرسة الأصلية EG-CaGPL
082 04 - رقم تصنيف ديوى العشرى
رقم الطبعة 21
رقم التصنيف 391.00903
رقم المادة ق/إ ز
100 0# - المدخل الرئيسى - إسم شخصى
الإسم الشخصى ابراهيم ماضى
245 10 - بيان العنوان
العنوان زى امراء المماليك فى مصر و الشام /
بيان المسئوليه,etc تاليف ابراهيم ماضى
260 ## - PUBLICATION, DISTRIBUTION, ETC. (IMPRINT)
تاريخ النشر أو التوزيع 2009 .
300 ## - الوصف المادى
التعداد 377 ص :
تفاصيل ماديه اخرى للوعاء ايض ؛
أبعاد الوعاء 24 سم .
490 ## - بيان السلسلة
عنوان السلسلة تاريخ المصريين ؛
رقم المجلد/ التعيين التسلسلي 281
504 ## - تبصرة ببليوجرافية
تبصرة ببليوجرافية,الخ ببليوجرافية : ص 335 - 365
650 04 - المدخل الاضافى بالموضوع-مصطلح موضوعى
مصطلح موضوعي الازياء
التقسيم الفرعي العام تاريخ
التقسيم الفرعي الزمني العصر المملوكى
650 04 - المدخل الاضافى بالموضوع-مصطلح موضوعى
مصطلح موضوعي الازياء
التقسيم الفرعي العام العادات و التقاليد
التقسيم الفرعي الجغرافي مصر
942 ## - عناصر المدخل الإضافي( كوها)
مصدر التصنيف او مخطط الترفيف Dewey Decimal Classification
Koha [default] item type كتاب
260 ## - PUBLICATION, DISTRIBUTION, ETC. (IMPRINT)
-- القاهرة :
-- الهيئة المصرية العامة للكتاب ،
Holdings
حالة التراجع حالة الفقد حالة تلف ليس للاعارة المكان المؤقت الموقع الحالى تاريخ الاكتساب اجمالي اﻻعارات رقم الطلب الباركود تاريخ اخر مشاهدة تاريخ تفعيل السعر نوع وعاء كوها
        مكتبة القاهرة الكبرى مكتبة القاهرة الكبرى 04/28/2015   391.00903 ق/إ ز 160381 04/28/2015 04/28/2015 كتاب

Powered By

EGPV